000 00669nam a2200217 i 4500
001 bg
100 1 _aPROCHOWSKI, Jan A.
245 1 0 _aKodeks handlowy z komentarzem /
_cJan A. Prochowski.
250 _aStan prawny na dzień 15 marca 1999 r.
260 _aSkierniewice :
_b"SIGMA" Zakład Doradztwa Organizacyjno-Finansowego,
_c1999.
300 _a367 s. ;
_c21 cm.
650 9 _aPrawo handlowe
_zPolska
_ystan na 1999 r.
650 9 _aSpółki
_xprawo
_zPolska
_ystan na 1999 r.
020 _a8386145773
040 _cBPK
041 0 _apol
080 _a347.7(438)(094.4)
920 _a83-86145-77-3
942 _cKS
008 s pl f |000 0 pol
999 _c53196
_d53196
856 _uhttp://koha.tu.koszalin.pl/cgi-bin/koha/opac-detail.pl?biblionumber=53196
_yKatalog online BPK